[Event "HUN-chT2 Charousek 1718"]
[Site "Hungary"]
[Date "2018.03.04"]
[Round "7.8"]
[White "Dobos, Jozsef"]
[Black "Erdos, Janos"]
[Result "1-0"]
[WhiteElo "2274"]
[BlackElo "2050"]
[PlyCount "117"]
[EventDate "2017.10.29"]
[EventType "team-tourn"]
[EventRounds "9"]
[EventCountry "HUN"]
[SourceTitle "EXT 2020"]
[Source "ChessBase"]
[SourceDate "2019.10.17"]
[SourceVersion "1"]
[SourceVersionDate "2019.10.17"]
[SourceQuality "1"]
[WhiteTeam "Csuti Hydro"]
[BlackTeam "Penzugyor"]
[WhiteTeamCountry "HUN"]
[BlackTeamCountry "HUN"]

1. d4 d5 2. c4 e6 3. Nc3 f5 4. Bf4 Nf6 5. e3 c6 6. Bd3 Bd6 7. Bxd6 Qxd6 8. Nf3 0-0 9. c5 Qe7 10. Ne5 g5 11. Qc2 Nfd7 12. Nxd7 Bxd7 13. f4 h6 14. 0-0-0 b5 15. Rdg1 a5 16. h3 gxf4 17. exf4 Na6 18. Qf2 Kh8 19. g4 Rg8 20. Re1 Qf6 21. gxf5 exf5 22. Re5 Nc7 23. Rhe1 Rg7 24. Ne2 Re8 25. Qe3 Rxe5 26. Qxe5 Qxe5 27. fxe5 Rg5 28. Rf1 Kg8 29. Kd2 Be6 30. Ke3 Kf7 31. h4 Rg4 32. Bxf5 Rxh4 33. Bxe6+ Kxe6 34. Rf6+ Ke7 35. Nf4 Rh1 36. Rxc6 Kd7 37. Rd6+ Kc8 38. Nxd5 Nxd5+ 39. Rxd5 h5 40. c6 h4 41. Rxb5 h3 42. Kf2 Rd1 43. Kg3 Rd3+ 44. Kh2 Rxd4 45. Rxa5 Rd2+ 46. Kxh3 Rxb2 47. Kg4 Kc7 48. Ra6 Rf2 49. Kg5 Rf1 50. Kg6 Rf2 51. a4 Rf4 52. a5 Rf1 53. Ra8 Rg1+ 54. Kf6 Rf1+ 55. Ke7 Ra1 56. a6 Kxc6 57. a7 Kb7 58. Rb8+ Kxa7 59. Rb2 1-0

[Event "HUN-chT2 Charousek 1718"]
[Site "Hungary"]
[Date "2017.12.17"]
[Round "4.11"]
[White "Balogh, Peter1111"]
[Black "Erdos, Janos"]
[Result "1-0"]
[WhiteElo "2067"]
[BlackElo "2076"]
[PlyCount "79"]
[EventDate "2017.10.29"]
[EventType "team-tourn"]
[EventRounds "9"]
[EventCountry "HUN"]
[SourceTitle "EXT 2020"]
[Source "ChessBase"]
[SourceDate "2019.10.17"]
[SourceVersion "1"]
[SourceVersionDate "2019.10.17"]
[SourceQuality "1"]
[WhiteTeam "Gyor Szechenyi"]
[BlackTeam "Penzugyor"]
[WhiteTeamCountry "HUN"]
[BlackTeamCountry "HUN"]

1. e4 d6 2. d4 g6 3. c4 Bg7 4. Nc3 c6 5. Be3 Nd7 6. Be2 e5 7. d5 c5 8. g4 a6 9. h4 h6 10. Qd2 Ndf6 11. f3 Ne7 12. Nh3 Bd7 13. Rg1 h5 14. Bf2 hxg4 15. fxg4 Qa5 16. Ng5 b5 17. a4 bxc4 18. h5 Bh6 19. Be3 Rb8 20. Nxf7 Kxf7 21. Bxh6 Rxh6 22. g5 Nxh5 23. gxh6 Nf4 24. Bxc4 Rh8 25. Ne2 Qxd2+ 26. Kxd2 a5 27. Nxf4 exf4 28. Raf1 g5 29. Rxg5 Ng6 30. Rh1 Kf6 31. Rg2 Bxa4 32. h7 Kg7 33. Rhg1 Be8 34. e5 f3 35. Rxg6+ Bxg6 36. Bd3 Rxh7 37. Rxg6+ Kh8 38. Rg8+ Kxg8 39. Bxh7+ Kxh7 40. exd6 1-0

[Event "HUN-chT2 Toth 0809"]
[Site "Hungary"]
[Date "2009.01.11"]
[Round "5.5"]
[White "Erdos, Janos"]
[Black "Visnyei, Illes"]
[Result "1/2-1/2"]
[WhiteElo "2071"]
[BlackElo "2118"]
[PlyCount "71"]
[EventDate "2008.10.26"]
[EventType "team-tourn"]
[EventRounds "11"]
[EventCountry "HUN"]
[SourceTitle "EXT 2010"]
[Source "ChessBase"]
[SourceDate "2010.11.25"]
[SourceVersion "1"]
[SourceVersionDate "2010.11.25"]
[SourceQuality "1"]
[WhiteTeam "Vasarhelyi"]
[BlackTeam "Bekes"]
[WhiteTeamCountry "HUN"]
[BlackTeamCountry "HUN"]

1. e4 e6 2. d4 d5 3. exd5 exd5 4. Bf4 Bd6 5. Bxd6 Qxd6 6. c3 Ne7 7. Bd3 0-0 8. Ne2 Nd7 9. 0-0 Nf6 10. Ng3 a5 11. Nd2 c6 12. b3 b6 13. Nh5 Kh8 14. Nxf6 Qxf6 15. Re1 Ng6 16. Bxg6 Qxg6 17. Re3 Bg4 18. Qb1 Qd6 19. Qe1 c5 20. h3 cxd4 21. cxd4 Bd7 22. Nf3 Rac8 23. Rc1 h6 24. Rec3 Rxc3 25. Rxc3 Re8 26. Ne5 Kg8 27. Re3 Re6 28. Qe2 Be8 29. Qc2 f6 30. Ng4 Rxe3 31. Nxe3 Bd7 32. Qd1 Be6 33. Qh5 Bf7 34. Qf5 Be6 35. Qg6 Qd7 36. Qh5 1/2-1/2

[Event "HUN-chT2 Toth 0506"]
[Site "Hungary"]
[Date "2006.04.09"]
[Round "10"]
[White "Erdos, Janos"]
[Black "Czegledi, Zsolt"]
[Result "1-0"]
[WhiteElo "2116"]
[BlackElo "2251"]
[PlyCount "73"]
[EventDate "2005.10.16"]
[EventType "team"]
[EventRounds "11"]
[EventCountry "HUN"]
[SourceTitle "EXT 2009"]
[Source "ChessBase"]
[SourceDate "2008.11.26"]
[SourceVersion "1"]
[SourceVersionDate "2008.11.26"]
[SourceQuality "1"]
[WhiteTeam "Vasarhelyi"]
[BlackTeam "Takisz"]
[WhiteTeamCountry "HUN"]
[BlackTeamCountry "HUN"]

1. e4 e5 2. Nf3 Nc6 3. d4 exd4 4. Nxd4 Bc5 5. Be3 Qf6 6. c3 Bb6 7. Be2 Nge7 8. 0-0 0-0 9. f4 d6 10. Na3 Re8 11. Bf3 Nxd4 12. cxd4 Nd5 13. Bf2 Nxf4 14. Nc4 Qg6 15. Bg3 Qh6 16. Bxf4 Qxf4 17. Bh5 Qxe4 18. Bxf7+ Kh8 19. Nxb6 axb6 20. Bxe8 Qxe8 21. Qf3 Qg8 22. Rae1 Be6 23. Qxb7 Rc8 24. b3 Bd5 25. Qa6 Qd8 26. Rf5 Ra8 27. Qe2 c6 28. Qe7 Qxe7 29. Rxe7 h6 30. Rf2 Rd8 31. Rfe2 c5 32. Re8+ Rxe8 33. Rxe8+ Kh7 34. Rd8 c4 35. Rxd6 c3 36. Rd7 b5 37. Rxd5 1-0

[Event "HUN-chT2 Toth 0506"]
[Site "Hungary"]
[Date "2005.12.04"]
[Round "5"]
[White "Erdos, Janos"]
[Black "Zalai, Mihaly"]
[Result "1-0"]
[WhiteElo "2116"]
[BlackElo "2185"]
[PlyCount "107"]
[EventDate "2005.10.16"]
[EventType "team"]
[EventRounds "11"]
[EventCountry "HUN"]
[SourceTitle "EXT 2009"]
[Source "ChessBase"]
[SourceDate "2008.11.26"]
[SourceVersion "1"]
[SourceVersionDate "2008.11.26"]
[SourceQuality "1"]
[WhiteTeam "Vasarhelyi"]
[BlackTeam "Oroshaza"]
[WhiteTeamCountry "HUN"]
[BlackTeamCountry "HUN"]

1. e4 c5 2. Nf3 Nc6 3. d4 cxd4 4. Nxd4 g6 5. c4 Bg7 6. Be3 Nf6 7. Nc3 d6 8. Be2 0-0 9. 0-0 Bd7 10. h3 Nxd4 11. Bxd4 Bc6 12. Bf3 a5 13. b3 Nd7 14. Bxg7 Kxg7 15. Qd4+ Kg8 16. Rad1 Qb6 17. Bg4 Qxd4 18. Rxd4 Nc5 19. Re1 f6 20. Bd1 Rfd8 21. Bc2 e5 22. Rd2 Ne6 23. f3 Kf7 24. Red1 Ke7 25. Kf2 Rd7 26. Rc1 Rf8 27. a3 Nd4 28. b4 axb4 29. axb4 b5 30. cxb5 Nxb5 31. Nxb5 Bxb5 32. Bb3 Rb8 33. Ra2 Kd8 34. Bd5 Re7 35. Ra5 Be8 36. Ra6 Rd7 37. Rcc6 Ke7 38. Rab6 Rdb7 39. Rxb7+ Rxb7 40. Rxd6 Kxd6 41. Bxb7 Bb5 42. Bd5 Kc7 43. h4 Kb6 44. Kg3 Be8 45. Bc4 Bb5 46. Bg8 h6 47. Bf7 Bd7 48. Bxg6 Kb5 49. Bf5 Be8 50. Kg4 Kxb4 51. Bh7 Bb5 52. Bg6 Kc5 53. Kf5 Bf1 54. g3 1-0

[Event "HUN-chT2 Toth 0506"]
[Site "Hungary"]
[Date "2005.11.27"]
[Round "4"]
[White "Erdos, Janos"]
[Black "Juhasz, Laszlo"]
[Result "0-1"]
[WhiteElo "2116"]
[BlackElo "2209"]
[PlyCount "36"]
[EventDate "2005.10.16"]
[EventType "team"]
[EventRounds "11"]
[EventCountry "HUN"]
[SourceTitle "EXT 2009"]
[Source "ChessBase"]
[SourceDate "2008.11.26"]
[SourceVersion "1"]
[SourceVersionDate "2008.11.26"]
[SourceQuality "1"]
[WhiteTeam "Vasarhelyi"]
[BlackTeam "GyD"]
[WhiteTeamCountry "HUN"]
[BlackTeamCountry "HUN"]

1. e4 c6 2. d4 d5 3. e5 Bf5 4. f4 e6 5. Bd3 Nh6 6. Nf3 c5 7. c3 Nc6 8. Bxf5 Nxf5 9. g4 Nh4 10. Be3 h5 11. g5 Nxf3+ 12. Qxf3 Qb6 13. Qf2 cxd4 14. Bxd4 Nxd4 15. cxd4 Bb4+ 16. Kf1 Rc8 17. a3 Qa6+ 18. Kg1 Qd3 0-1

[Event "HUN-chT2 Toth 0506"]
[Site "Hungary"]
[Date "2005.11.13"]
[Round "3"]
[White "Rozsnyai, Tamas"]
[Black "Erdos, Janos"]
[Result "1-0"]
[WhiteElo "2172"]
[BlackElo "2116"]
[PlyCount "97"]
[EventDate "2005.10.16"]
[EventType "team"]
[EventRounds "11"]
[EventCountry "HUN"]
[SourceTitle "EXT 2009"]
[Source "ChessBase"]
[SourceDate "2008.11.26"]
[SourceVersion "1"]
[SourceVersionDate "2008.11.26"]
[SourceQuality "1"]
[WhiteTeam "Mako"]
[BlackTeam "Vasarhelyi"]
[WhiteTeamCountry "HUN"]
[BlackTeamCountry "HUN"]

1. c4 e5 2. Nc3 c5 3. g3 Nc6 4. Bg2 g6 5. e3 Bg7 6. Nge2 Nge7 7. 0-0 0-0 8. b3 d6 9. Bb2 a6 10. Rc1 Rb8 11. a3 b5 12. cxb5 axb5 13. Nd5 Nxd5 14. Bxd5 Ne7 15. Bg2 Bb7 16. d4 Bxg2 17. Kxg2 exd4 18. exd4 c4 19. bxc4 bxc4 20. Bc3 d5 21. Bb4 Re8 22. Nc3 Nf5 23. Qf3 Qg5 24. Qxd5 Bxd4 25. Qxc4 Nh4+ 26. Kh1 Nf3 27. Qd5 Qg4 28. Rcd1 Rbd8 29. Qb7 Qh5 30. Kg2 Qxh2+ 31. Kxf3 Re6 32. Be7 Re8 33. Rxd4 R8xe7 34. Qb8+ Kg7 35. Rh4 Rf6+ 36. Rf4 Rfe6 37. Qb5 Re5 38. Qd3 g5 39. Rf5 Qh3 40. Rxe5 Rxe5 41. Qd4 f6 42. Rb1 h5 43. Rd1 Qh2 44. Ne4 g4+ 45. Kf4 Kg6 46. Nd6 h4 47. Qd3+ Kh6 48. Nf7+ Kh5 49. Qh7# 1-0

[Event "HUN-chT2 Toth 0506"]
[Site "Hungary"]
[Date "2005.10.30"]
[Round "2"]
[White "Erdos, Janos"]
[Black "Toth, Andras1111"]
[Result "1/2-1/2"]
[WhiteElo "2116"]
[BlackElo "2123"]
[PlyCount "60"]
[EventDate "2005.10.16"]
[EventType "team"]
[EventRounds "11"]
[EventCountry "HUN"]
[SourceTitle "EXT 2009"]
[Source "ChessBase"]
[SourceDate "2008.11.26"]
[SourceVersion "1"]
[SourceVersionDate "2008.11.26"]
[SourceQuality "1"]
[WhiteTeam "Vasarhelyi"]
[BlackTeam "Bege"]
[WhiteTeamCountry "HUN"]
[BlackTeamCountry "HUN"]

1. e4 c5 2. Nf3 e6 3. c4 Nc6 4. Nc3 a6 5. a3 g6 6. d4 cxd4 7. Nxd4 Bg7 8. Be3 Nge7 9. Rc1 0-0 10. g3 f5 11. exf5 Nxd4 12. Bxd4 Bxd4 13. Qxd4 Nxf5 14. Qd2 Qc7 15. Ne4 Qe5 16. Bg2 Rb8 17. 0-0 b6 18. f4 Qg7 19. Nd6 Nxd6 20. Qxd6 Bb7 21. Rf2 Rfc8 22. Rd2 Bxg2 23. Kxg2 Rb7 24. Rcc2 Rc6 25. Qd3 Rbc7 26. b4 Qa1 27. Re2 Qf6 28. c5 bxc5 29. Rxc5 Rxc5 30. bxc5 Qe7 1/2-1/2

[Event "HUN-chT2 Maroczy 0405"]
[Site "Hungary"]
[Date "2005.02.20"]
[Round "8"]
[White "Gara, Peter"]
[Black "Erdos, Janos"]
[Result "1/2-1/2"]
[WhiteElo "2211"]
[BlackElo "2118"]
[PlyCount "37"]
[EventDate "2004.09.26"]
[EventType "team"]
[EventRounds "11"]
[EventCountry "HUN"]
[SourceTitle "EXT 2008"]
[Source "ChessBase"]
[SourceDate "2007.11.25"]
[SourceVersion "1"]
[SourceVersionDate "2007.11.25"]
[SourceQuality "1"]
[WhiteTeam "Matra"]
[BlackTeam "Hodmezovasarhely"]
[WhiteTeamCountry "HUN"]
[BlackTeamCountry "HUN"]

1. e4 d5 2. exd5 Qxd5 3. Nc3 Qd8 4. d4 c6 5. Nf3 Bf5 6. Bd3 Bg6 7. Bf4 Nf6 8. Qe2 e6 9. 0-0 Be7 10. Rfe1 Bxd3 11. Qxd3 0-0 12. Bg5 h6 13. Bh4 Nbd7 14. Rad1 Re8 15. h3 Qb6 16. Nd2 Rad8 17. Nc4 Qa6 18. Bxf6 Nxf6 19. Ne5 1/2-1/2

[Event "HUN-chT2 Maroczy 0304"]
[Site "Hungary"]
[Date "2004.01.25"]
[Round "6"]
[White "Erdos, Janos"]
[Black "Pinter, Mark"]
[Result "1-0"]
[WhiteElo "2123"]
[BlackElo "2073"]
[PlyCount "135"]
[EventDate "2003.09.28"]
[EventType "team"]
[EventRounds "11"]
[EventCountry "HUN"]
[SourceTitle "EXT 2005"]
[Source "ChessBase"]
[SourceDate "2004.11.15"]
[SourceVersion "1"]
[SourceVersionDate "2004.11.15"]
[SourceQuality "1"]

1. e4 e5 2. Nf3 Nc6 3. d4 d6 4. dxe5 Nxe5 5. Nxe5 dxe5 6. Qxd8+ Kxd8 7. Bc4 f6 8. Be3 Bb4+ 9. c3 Ba5 10. Nd2 Bb6 11. Bxb6 axb6 12. Bxg8 Rxg8 13. a3 Be6 14. 0-0-0 Ke7 15. Kc2 Rgd8 16. Rhe1 Rd7 17. Nf1 Rad8 18. Rxd7+ Rxd7 19. Ne3 b5 20. g3 g5 21. f3 Rd8 22. Rh1 Rg8 23. h4 gxh4 24. g4 h5 25. gxh5 h3 26. Ng4 Bxg4 27. fxg4 Rxg4 28. Rxh3 Rg7 29. Kd3 Rh7 30. c4 bxc4+ 31. Kxc4 Rh6 32. Kd5 Kd7 33. a4 b6 34. b4 c6+ 35. Kc4 Kc7 36. a5 Kb7 37. axb6 Kxb6 38. Rh4 Kc7 39. Kc5 Kd7 40. Rh3 Kc7 41. Rh4 Kd7 42. Kb6 Rh8 43. h6 Rb8+ 44. Kc5 Rb5+ 45. Kc4 Rb8 46. h7 Rh8 47. Kc5 Kc7 48. Rh6 Kd7 49. Kb6 Rb8+ 50. Ka7 Rh8 51. Kb7 f5 52. exf5 e4 53. Rxc6 e3 54. Re6 Rxh7 55. Rxe3 Rf7 56. Rd3+ Ke8+ 57. Ka6 Rf6+ 58. Ka5 Rxf5+ 59. b5 Rf1 60. b6 Ra1+ 61. Kb5 Rb1+ 62. Kc6 Rc1+ 63. Kb7 Rb1 64. Kc7 Rc1+ 65. Kb8 Ke7 66. b7 Rc4 67. Ra3 Kd7 68. Ka8 1-0

[Event "HUN-chT2 Maroczy 0304"]
[Site "Hungary"]
[Date "2003.12.07"]
[Round "5"]
[White "Erdos, Janos"]
[Black "Radnoti, Bela"]
[Result "1-0"]
[WhiteElo "2123"]
[BlackElo "2255"]
[PlyCount "129"]
[EventDate "2003.09.28"]
[EventType "team"]
[EventRounds "11"]
[EventCountry "HUN"]
[SourceTitle "EXT 2005"]
[Source "ChessBase"]
[SourceDate "2004.11.15"]
[SourceVersion "1"]
[SourceVersionDate "2004.11.15"]
[SourceQuality "1"]

1. e4 e6 2. d4 d5 3. exd5 exd5 4. Bd3 Nf6 5. Nf3 Bg4 6. 0-0 Be7 7. Bf4 0-0 8. h3 Bh5 9. Nbd2 Bg6 10. Bxg6 hxg6 11. Re1 c5 12. c4 Nc6 13. dxc5 Bxc5 14. Nb3 Bb4 15. cxd5 Qxd5 16. Qxd5 Nxd5 17. Bd2 Rac8 18. a3 Bxd2 19. Nbxd2 Nf4 20. Re3 Rfd8 21. Rc1 Kf8 22. Rc2 Ne7 23. Rxc8 Rxc8 24. g3 Ne6 25. Rd3 Nc5 26. Rd4 Ne6 27. Rh4 Kg8 28. Re4 Rc2 29. b3 Nc6 30. Re3 Kf8 31. Rd3 Ke7 32. b4 f5 33. Re3 Kf6 34. Nb1 Rc4 35. Rd3 Ncd4 36. Nxd4 Nxd4 37. Nd2 Rc1+ 38. Kg2 Nb5 39. a4 Nc3 40. Rd7 Nxa4 41. Rxb7 Rc2 42. Rxa7 Nb2 43. Rd7 Ke6 44. Rd4 Nd1 45. h4 Rb2 46. Kf1 Nc3 47. Rd6+ Ke7 48. Rc6 Nd5 49. Nf3 Nxb4 50. Rc7+ Kd6 51. Rxg7 Nd3 52. Rxg6+ Kd5 53. Ng5 Nxf2 54. h5 Ng4 55. h6 Rb1+ 56. Ke2 Rb2+ 57. Ke1 Rb1+ 58. Kd2 Nxh6 59. Rxh6 Rb3 60. Rf6 Rxg3 61. Rxf5+ Kc6 62. Ne4 Ra3 63. Nc3 Kb6 64. Kd3 Ra8 65. Kc4 1-0

[Event "HUN-chT2 Maroczy 0304"]
[Site "Hungary"]
[Date "2003.04.18"]
[Round "11"]
[White "Hajagos, Janos"]
[Black "Erdos, Janos"]
[Result "0-1"]
[WhiteElo "2140"]
[BlackElo "2123"]
[PlyCount "50"]
[EventDate "2003.09.28"]
[EventType "team"]
[EventRounds "11"]
[EventCountry "HUN"]
[SourceTitle "EXT 2005"]
[Source "ChessBase"]
[SourceDate "2004.11.15"]
[SourceVersion "1"]
[SourceVersionDate "2004.11.15"]
[SourceQuality "1"]

1. d4 d5 2. Nf3 Nf6 3. Bf4 e6 4. e3 b6 5. Nbd2 Bb7 6. Be2 Bd6 7. Bg3 Bxg3 8. hxg3 Qd6 9. c3 Nbd7 10. Qb1 a6 11. g4 0-0-0 12. g5 Ne4 13. Bd3 Nxd2 14. Nxd2 e5 15. Qd1 e4 16. Bc2 Kb8 17. Qg4 Bc8 18. Qf4 Qe7 19. 0-0-0 f6 20. gxf6 Nxf6 21. c4 dxc4 22. Nxc4 Ng4 23. Rdf1 Rdf8 24. Qg3 Rf6 25. Nxb6 Rxb6 0-1

[Event "HUN-chT2 Maroczy 0203"]
[Site "Hungary"]
[Date "2003.03.02"]
[Round "8.11"]
[White "Erdos, Janos"]
[Black "Timko, Melinda"]
[Result "1-0"]
[WhiteElo "2104"]
[BlackElo "2072"]
[PlyCount "113"]
[EventDate "2002.09.22"]
[EventType "team"]
[EventRounds "11"]
[EventCountry "HUN"]
[SourceTitle "EXT 2004"]
[Source "ChessBase"]
[SourceDate "2003.11.25"]
[SourceVersion "1"]
[SourceVersionDate "2003.11.25"]
[SourceQuality "1"]
[WhiteTeam "Vasarhelyi"]
[BlackTeam "Foti"]
[WhiteTeamCountry "HUN"]
[BlackTeamCountry "HUN"]

1. e4 c5 2. Nf3 e6 3. d4 cxd4 4. Nxd4 Qb6 5. Nb3 Qc7 6. c4 Nf6 7. Nc3 a6 8. a3 b6 9. Be2 Bb7 10. Nd2 Bd6 11. Qc2 Nc6 12. Nf3 Ne5 13. Nd2 Neg4 14. h3 Nxf2 15. Kxf2 Bg3+ 16. Kf1 Qc5 17. Nd1 0-0 18. Qc3 Bh4 19. Bf3 e5 20. b4 Qe7 21. Ne3 g6 22. Bb2 d6 23. Ke2 Nd7 24. g4 Rac8 25. Qd3 Rfd8 26. Ndf1 Nf8 27. Ng2 Ne6 28. Nfe3 Nf4+ 29. Nxf4 exf4 30. Nd5 Bxd5 31. cxd5 Bf6 32. Qd2 Rc4 33. Rhe1 Rdc8 34. Rac1 Bh4 35. Rxc4 Rxc4 36. Rc1 Qc7 37. Kf1 b5 38. Kg2 Rxc1 39. Qxc1 Qxc1 40. Bxc1 Bf6 41. Be2 Bc3 42. Kf3 Kf8 43. Kxf4 Ke7 44. Ke3 Kf6 45. Kd3 Be5 46. Bd1 Bg3 47. Bd2 Ke7 48. a4 bxa4 49. Bxa4 Kd8 50. Ke3 Bh2 51. Kf3 Kc7 52. Bd1 Bg1 53. Be2 Kb6 54. Bf4 a5 55. bxa5+ Kxa5 56. Bxd6 Kb6 57. Bf4 1-0

[Event "HUN-chT2 Maroczy 0203"]
[Site "Hungary"]
[Date "2003.02.02"]
[Round "6.9"]
[White "Erdos, Janos"]
[Black "Imecs, Laszlo"]
[Result "0-1"]
[WhiteElo "2104"]
[BlackElo "2177"]
[PlyCount "60"]
[EventDate "2002.09.22"]
[EventType "team"]
[EventRounds "11"]
[EventCountry "HUN"]
[SourceTitle "EXT 2004"]
[Source "ChessBase"]
[SourceDate "2003.11.25"]
[SourceVersion "1"]
[SourceVersionDate "2003.11.25"]
[SourceQuality "1"]
[WhiteTeam "Vasarhelyi"]
[BlackTeam "Dunaharaszti"]
[WhiteTeamCountry "HUN"]
[BlackTeamCountry "HUN"]

1. e4 d6 2. d4 Nf6 3. Bd3 c6 4. c4 e5 5. Ne2 Be7 6. 0-0 0-0 7. h3 Nbd7 8. Nbc3 exd4 9. Nxd4 Ne5 10. Be2 d5 11. cxd5 cxd5 12. f4 Nc6 13. e5 Bc5 14. Be3 Ne4 15. Bf3 f6 16. Kh1 fxe5 17. Bxe4 exd4 18. Bxd5+ Kh8 19. Bxc6 bxc6 20. Ne4 Bb6 21. Bd2 Qd5 22. Re1 c5 23. a4 a5 24. Ra3 Bc7 25. Qf3 Rb8 26. Bc1 Bb7 27. Qg4 Bc8 28. Qd1 Bd7 29. g3 Bc6 30. Rc3 dxc3 0-1